[Event "Oberliga NRW 2122"]
[Site "Germany"]
[Date "2022.05.29"]
[Round "6.8"]
[White "Bee, Marcus"]
[Black "Atasoy, Tarik"]
[Result "1-0"]
[WhiteElo "2222"]
[BlackElo "1785"]
[PlyCount "145"]
[EventDate "2021.10.31"]
[EventType "team-tourn"]
[EventRounds "9"]
[EventCountry "GER"]
[SourceTitle "EXT 2024"]
[Source "ChessBase"]
[SourceDate "2023.10.10"]
[SourceVersion "1"]
[SourceVersionDate "2023.10.10"]
[SourceQuality "1"]
[WhiteTeam "Essen Katernberg"]
[BlackTeam "Letmathe"]
[WhiteTeamCountry "GER"]
[BlackTeamCountry "GER"]

1. Nf3 Nf6 2. c4 c5 3. g3 b6 4. Bg2 Bb7 5. 0-0 d6 6. a3 g6 7. b4 Bg7 8. Bb2 0-0 9. d3 Qc7 10. Nc3 Nbd7 11. Rc1 Rad8 12. Qd2 Rfe8 13. Rfd1 Nf8 14. h3 e5 15. e4 Ne6 16. Nd5 Qd7 17. Rf1 Nd4 18. Bxd4 cxd4 19. Nxf6+ Bxf6 20. b5 Kg7 21. a4 Ra8 22. Ra1 a6 23. Nh2 h5 24. f4 axb5 25. axb5 Rxa1 26. Rxa1 Ra8 27. Rxa8 Bxa8 28. Qa2 Qb7 29. Nf3 Kf8 30. h4 Qb8 31. Bh3 Bb7 32. f5 Qa8 33. Qxa8+ Bxa8 34. fxg6 fxg6 35. Be6 Bb7 36. Kf2 Ke7 37. Bh3 Kf7 38. Ke2 Ke7 39. Kd2 Kd8 40. Kc2 Bc8 41. Bxc8 Kxc8 42. Kd2 Kd7 43. Ke2 Ke6 44. Ne1 Be7 45. Nc2 Kd7 46. Nb4 Ke6 47. Nc6 Kd7 48. Kf3 Bf6 49. Kg2 Ke6 50. Nb4 Bd8 51. Kh3 Be7 52. g4 Bd8 53. Na2 Bf6 54. Nc1 Be7 55. Ne2 Kf6 56. Ng3 hxg4+ 57. Kxg4 Ke6 58. h5 gxh5+ 59. Kxh5 Kf6 60. Kg4 Kg6 61. Nf5 Bf8 62. Nh4+ Kf6 63. Kh5 Be7 64. Nf3 Bd8 65. Ne1 Bc7 66. Nc2 Kg7 67. Kg5 Kf7 68. Nb4 Ke6 69. Nd5 Bd8+ 70. Kg6 Kd7 71. Kf7 Bg5 72. Nxb6+ Kc7 73. Nd5+ 1-0

[Event "Oberliga NRW 2122"]
[Site "Germany"]
[Date "2022.05.08"]
[Round "9.8"]
[White "Breest, Axel"]
[Black "Atasoy, Tarik"]
[Result "1/2-1/2"]
[WhiteElo "1999"]
[BlackElo "1799"]
[PlyCount "81"]
[EventDate "2021.10.31"]
[EventType "team-tourn"]
[EventRounds "9"]
[EventCountry "GER"]
[SourceTitle "EXT 2023"]
[Source "ChessBase"]
[SourceDate "2022.10.05"]
[SourceVersion "1"]
[SourceVersionDate "2022.10.05"]
[SourceQuality "1"]
[WhiteTeam "Siegburg"]
[BlackTeam "Letmathe"]
[WhiteTeamCountry "GER"]
[BlackTeamCountry "GER"]

1. e4 c5 2. Nc3 Nc6 3. f4 d6 4. Nf3 Nf6 5. Bc4 e6 6. Bb3 Be7 7. 0-0 0-0 8. d3 a6 9. a4 b6 10. Qe1 d5 11. e5 Ne8 12. f5 exf5 13. Nxd5 Be6 14. Nxe7+ Nxe7 15. Bxe6 fxe6 16. Bg5 Qd7 17. Bxe7 Qxe7 18. Qf2 Rd8 19. Rfe1 Nc7 20. Nd2 Nd5 21. Nc4 f4 22. Re4 Qg5 23. Qf3 b5 24. axb5 axb5 25. Nd6 Ra8 26. Rxa8 Rxa8 27. Qh3 Ra1+ 28. Kf2 Nc7 29. Nxb5 Nxb5 30. Qxe6+ Kf8 31. Qc8+ Kf7 32. Qd7+ Kg6 33. Qe6+ Kh5 34. Qf7+ Kh6 35. Rxf4 Ra7 36. Qe6+ g6 37. g3 Qe7 38. Qh3+ Kg7 39. e6 Qg5 40. Rf7+ Rxf7+ 41. exf7 1/2-1/2

[Event "Oberliga NRW 2122"]
[Site "Germany"]
[Date "2022.04.10"]
[Round "8.7"]
[White "Schmidt, Martin"]
[Black "Atasoy, Tarik"]
[Result "1-0"]
[WhiteElo "2189"]
[BlackElo "1799"]
[PlyCount "55"]
[EventDate "2021.10.31"]
[EventType "team-tourn"]
[EventRounds "9"]
[EventCountry "GER"]
[SourceTitle "EXT 2023"]
[Source "ChessBase"]
[SourceDate "2022.10.05"]
[SourceVersion "1"]
[SourceVersionDate "2022.10.05"]
[SourceQuality "1"]
[WhiteTeam "Koeln SF"]
[BlackTeam "Letmathe"]
[WhiteTeamCountry "GER"]
[BlackTeamCountry "GER"]

1. e4 c5 2. Nc3 d6 3. d4 cxd4 4. Qxd4 Nc6 5. Qd2 Nf6 6. b3 g6 7. Bb2 Bg7 8. 0-0-0 0-0 9. f3 Qa5 10. Kb1 Be6 11. Nge2 b5 12. h4 b4 13. Nd5 Bxd5 14. exd5 Ne5 15. h5 Nxh5 16. Rxh5 gxh5 17. Ng3 f6 18. Nxh5 Nf7 19. Bd3 Bh6 20. f4 Ne5 21. Bf5 Nf7 22. Qd3 Kh8 23. Bxh7 Rac8 24. Bg6 Rc5 25. Bxf7 Rxf7 26. Qg6 Rxd5 27. Rh1 Rxh5 28. Rxh5 1-0

[Event "Oberliga NRW 2122"]
[Site "Germany"]
[Date "2021.11.28"]
[Round "2.8"]
[White "Kaehmann, Joerg"]
[Black "Atasoy, Tarik"]
[Result "1-0"]
[WhiteElo "2169"]
[BlackElo "1799"]
[PlyCount "67"]
[EventDate "2021.10.31"]
[EventType "team-tourn"]
[EventRounds "9"]
[EventCountry "GER"]
[SourceTitle "EXT 2023"]
[Source "ChessBase"]
[SourceDate "2022.10.05"]
[SourceVersion "1"]
[SourceVersionDate "2022.10.05"]
[SourceQuality "1"]
[WhiteTeam "Wattenscheid"]
[BlackTeam "Letmathe"]
[WhiteTeamCountry "GER"]
[BlackTeamCountry "GER"]

1. e4 c5 2. Nf3 e6 3. d4 cxd4 4. Nxd4 a6 5. Bd3 Bc5 6. Nb3 Ba7 7. 0-0 Nc6 8. Qe2 Qc7 9. Nc3 d6 10. Be3 Nf6 11. Rad1 0-0 12. Kh1 Bxe3 13. Qxe3 b5 14. f4 b4 15. Ne2 Bb7 16. Qh3 e5 17. fxe5 dxe5 18. Ng3 Ne7 19. Rxf6 gxf6 20. Nh5 Ng6 21. Rf1 h6 22. Nd2 Rad8 23. Nc4 Bc8 24. Qe3 Nf4 25. Qg3+ Ng6 26. Rxf6 Kh7 27. Ne3 Be6 28. Nd5 Qb7 29. Bc4 Bxd5 30. Bxd5 Rxd5 31. exd5 Qxd5 32. Qe1 Nh4 33. Qe2 Rg8 34. Rf2 1-0

[Event "Ruhrgebiet Verbandsklasse Gruppe 3 1718"]
[Site "Germany"]
[Date "2018.02.04"]
[Round "6.4"]
[White "Dorgarten, Armin"]
[Black "Atasoy, Tarik"]
[Result "1-0"]
[WhiteElo "1928"]
[BlackElo "1718"]
[PlyCount "73"]
[EventDate "2017.09.17"]
[EventType "team-tourn"]
[EventRounds "9"]
[EventCountry "GER"]
[SourceTitle "EXT 2022"]
[Source "ChessBase"]
[SourceDate "2021.10.06"]
[SourceVersion "1"]
[SourceVersionDate "2021.10.06"]
[SourceQuality "1"]
[WhiteTeam "Ruettenscheid Rochade"]
[BlackTeam "Luenen Horstmar SC"]
[WhiteTeamCountry "GER"]
[BlackTeamCountry "GER"]

1. d4 Nf6 2. Bf4 d6 3. Nc3 g6 4. e4 Bg7 5. Qd2 0-0 6. 0-0-0 c6 7. Bh6 b5 8. Bd3 Qa5 9. f3 b4 10. Nb1 Bxh6 11. Qxh6 Qxa2 12. h4 Qa5 13. g4 Ba6 14. Nh3 Bxd3 15. Rxd3 Nbd7 16. Ng5 c5 17. h5 cxd4 18. hxg6 fxg6 19. Nxh7 Kf7 20. Ng5+ Ke8 21. Qxg6+ Kd8 22. Ne6+ Kc8 23. Nxf8 Nxf8 24. Rh8 Kb7 25. Qf7 N8d7 26. Rxa8 Kxa8 27. Qxe7 Qg5+ 28. Nd2 Qh4 29. Nc4 Qh1+ 30. Rd1 Qxf3 31. Qxd6 Qxe4 32. Qxd4 Qg6 33. Kb1 b3 34. Rd3 bxc2+ 35. Kxc2 Nxg4 36. Qxd7 Nf2 37. Qc8# 1-0

[Event "Ruhrgebiet Verbandsklasse Gruppe 3 1718"]
[Site "Germany"]
[Date "2017.09.17"]
[Round "1.5"]
[White "Bork, Sophie"]
[Black "Atasoy, Tarik"]
[Result "1-0"]
[WhiteElo "1888"]
[BlackElo "1753"]
[PlyCount "49"]
[EventDate "2017.09.17"]
[EventType "team-tourn"]
[EventRounds "9"]
[EventCountry "GER"]
[SourceTitle "EXT 2022"]
[Source "ChessBase"]
[SourceDate "2021.10.06"]
[SourceVersion "1"]
[SourceVersionDate "2021.10.06"]
[SourceQuality "1"]
[WhiteTeam "Mengede SG"]
[BlackTeam "Luenen Horstmar SC"]
[WhiteTeamCountry "GER"]
[BlackTeamCountry "GER"]

1. e4 c5 2. c3 Nf6 3. e5 Nd5 4. Nf3 Nc6 5. d4 cxd4 6. cxd4 d6 7. Bc4 Nb6 8. Bb5 dxe5 9. Nxe5 Bd7 10. Nxd7 Qxd7 11. Nc3 e6 12. Qg4 h5 13. Qe4 Be7 14. 0-0 Rd8 15. a4 a6 16. Bxc6 Qxc6 17. Qxc6+ bxc6 18. Be3 Nc4 19. Rab1 Nxe3 20. fxe3 c5 21. Rfd1 cxd4 22. exd4 Rxd4 23. Rxd4 Bc5 24. Ne2 e5 25. Rc1 1-0

[Event "Ruhrgebiet Bezirksliga 16/17"]
[Site "Ruhrgebiet"]
[Date "2016.12.11"]
[Round "5.4"]
[White "Atasoy, Tarik"]
[Black "Romstadt, Dirk"]
[Result "1-0"]
[WhiteElo "1720"]
[BlackElo "1702"]
[PlyCount "63"]
[EventDate "2016.08.28"]
[EventType "team-tourn"]
[EventRounds "11"]
[EventCountry "GER"]
[SourceTitle "EXT 2022"]
[Source "ChessBase"]
[SourceDate "2021.10.06"]
[SourceVersion "1"]
[SourceVersionDate "2021.10.06"]
[SourceQuality "1"]
[WhiteTeam "Luenen Horstmar SC"]
[BlackTeam "Boenen SV II"]
[WhiteTeamCountry "GER"]
[BlackTeamCountry "GER"]

1. e4 e6 2. d4 d5 3. Nc3 Bb4 4. e5 c5 5. a3 Bxc3+ 6. bxc3 Nc6 7. Qg4 Nge7 8. Qxg7 Rg8 9. Qxh7 cxd4 10. Nf3 Qc7 11. Bd2 Nxe5 12. cxd4 Nxf3+ 13. gxf3 Bd7 14. Bd3 0-0-0 15. Qxf7 Nf5 16. Qf6 Rdf8 17. Qe5 Qxe5+ 18. dxe5 Nd4 19. f4 Nf3+ 20. Ke2 Nxd2 21. Kxd2 Rxf4 22. Ke3 Rgf8 23. Raf1 d4+ 24. Ke2 Bc6 25. Rhg1 Rh4 26. Rg6 Bd5 27. Rfg1 Rxh2 28. Rf6 Rxf6 29. exf6 Kd7 30. Bb5+ Bc6 31. Rg7+ Kd8 32. Rg8+ 1-0

[Event "Unna op"]
[Site "Unna"]
[Date "2014.12.29"]
[Round "6"]
[White "Atasoy, Tarik"]
[Black "Spiekermann, Stefan"]
[Result "1/2-1/2"]
[WhiteElo "1722"]
[BlackElo "2017"]
[PlyCount "32"]
[EventDate "2014.12.27"]
[EventType "swiss"]
[EventRounds "7"]
[EventCountry "GER"]
[SourceTitle "CBM 164 Extra"]
[Source "ChessBase"]
[SourceDate "2015.03.02"]
[SourceVersion "1"]
[SourceVersionDate "2015.03.02"]
[SourceQuality "1"]

1. e4 Nf6 2. e5 Nd5 3. c4 Nb6 4. d4 d6 5. Nf3 dxe5 6. Nxe5 N8d7 7. Bf4 Nxe5 8. Bxe5 c6 9. Nc3 Nd7 10. Bf4 Nf6 11. Be2 Bf5 12. Bf3 Qd7 13. 0-0 Bg4 14. d5 Qf5 15. Bxg4 Qxg4 16. Qxg4 Nxg4 1/2-1/2

[Event "Stuttgart-chB int"]
[Site "Ditzingen"]
[Date "2014.05.30"]
[Round "4"]
[White "Atasoy, Tarik"]
[Black "Pietzka, Martin"]
[Result "1/2-1/2"]
[WhiteElo "1700"]
[BlackElo "1805"]
[PlyCount "82"]
[EventDate "2014.05.29"]
[EventType "swiss"]
[EventRounds "7"]
[EventCountry "GER"]
[SourceTitle "EXT 2015"]
[Source "ChessBase"]
[SourceDate "2014.11.20"]
[SourceVersion "1"]
[SourceVersionDate "2014.11.20"]
[SourceQuality "1"]

1. e4 c6 2. d4 d5 3. Nc3 dxe4 4. Nxe4 Bf5 5. Ng3 Bg6 6. Nf3 e6 7. h4 h6 8. h5 Bh7 9. Bd3 Bxd3 10. Qxd3 Nf6 11. c4 c5 12. 0-0 Be7 13. Bf4 Nc6 14. Rad1 cxd4 15. Qb3 0-0 16. Qxb7 Na5 17. Qb5 a6 18. Qa4 Qb6 19. Rxd4 Rfd8 20. Be3 Qc7 21. Rc1 Rxd4 22. Bxd4 Rd8 23. Be5 Qb6 24. Qc2 Nb7 25. a3 a5 26. Rd1 Rxd1+ 27. Qxd1 Ng4 28. Bd4 Bc5 29. Qd2 e5 30. Bxc5 Qxc5 31. b3 Nd6 32. Nh2 Nxh2 33. Kxh2 Qxa3 34. Qd5 Qb4 35. c5 Ne8 36. Qxe5 Nf6 37. Qd6 Ng4+ 38. Kh3 Nxf2+ 39. Kh2 Ng4+ 40. Kh3 Nf2+ 41. Kh2 Ng4+ 1/2-1/2